| 000 | 00388nam a2200157Ia 4500 | ||
|---|---|---|---|
| 008 | 230917s9999||||xx |||||||||||||| ||und|| | ||
| 040 |
_e189033 _aMAIN |
||
| 041 | _aEnglish | ||
| 082 | _a331.10954 G441L | ||
| 100 | _aGiri, V V | ||
| 245 | 0 | _aLabour problems in Indian industry | |
| 250 | _a2nd ed. | ||
| 260 |
_aBombay _bAsia Publishing House _c1965 |
||
| 300 | _a520 p. | ||
| 942 | _cBK | ||
| 999 |
_c61697 _d61697 |
||